000 00466nam a2200193Ia 4500
005 20250603145443.0
008 250603s9999 xx 000 0 und d
020 _a9781498744393
050 _aRG 524 .O27/
100 _aEdited by Louise C Kenny & Jenny E Myers
245 0 _aObstetrics by ten teachers
250 _a20th ed
260 _aUnited state
260 _bCRC Press
260 _c2017
300 _a341 p
650 _aUnited state
942 _cBK
999 _c41905
_d41905